[Event "CRO Team Cup 2019"]
[Site "Losinj"]
[Date "2019.05.19"]
[Round "6.19"]
[White "Blagojevic, Marijan"]
[Black "Sokac, Marko"]
[Result "1/2-1/2"]
[WhiteElo "2195"]
[BlackElo "2329"]
[Annotator "TA"]
[PlyCount "101"]
[EventDate "2019.05.15"]
[EventType "team-tourn"]
[EventCountry "CRO"]
[SourceTitle "playchess.com"]
[Source "ChessBase"]
[SourceQuality "1"]

{[%evp 17,101,0,0,7,5,10,31,8,9,0,8,0,27,0,14,-8,-16,-20,-18,-41,-5,-14,-9,-16,0,-19,0,0,0,-8,-10,-11,-10,-96,-40,-78,-84,-128,-125,-134,-133,-139,-50,-114,0,0,0,-242,-239,-231,-200,-224,0,-102,0,-181,-102,-102,0,0,0,0,0,0,0,0,0,0,0,0,8,0,0,0,0,0,0,0,0,0,0,0,2980,0,0,0]} 1. d4 Nf6 2. c4 e6 3. Nf3 c5 4. Nc3 cxd4 5. Nxd4 Nc6 6. a3 Bc5 7. e3 O-O 8. Be2 d5 9. cxd5 exd5 10. O-O {A33: Symmetrical English: 2 Nf3 Nf6 3 d4 cxd4 4 Nxd4 e6 5 Nc3 Nc6} Re8 11. b4 (11. Nb3 Bb6 12. Bf3 Be6 13. Na4 Bc7 14. Nac5 Qd6 15. g3 Bh3 16. Re1 Ne5 17. Bh1 Bb6 {0-1 (99) Cramling,P (2465)-Muzychuk,M (2540) St Petersburg 2018}) 11... Bd6 12. Ncb5 {White is slightly better.} Nxd4 $146 ({Predecessor:} 12... Bf8 13. Nxc6 bxc6 14. Nd4 Bd7 15. Nb3 Ne4 16. Bb2 Bd6 17. Bf3 Qb8 {1-0 (90) Kolbus,D (2300)-Dragnev,V (2380) Douglas 2015}) 13. Nxd4 Ne4 14. Bb2 Qh4 {[%csl Gd6][%cal Rh4h2]} 15. f4 Qe7 (15... Bc7 {feels hotter.} 16. Nc2 Be6 17. Rc1 Bb6 18. Bd4 Bc7) 16. Bb5 Rd8 17. Bd3 a5 18. b5 Bd7 19. Re1 Rac8 20. Qh5 Nf6 21. Qh4 Ne4 $36 {[%mdl 2048] Black fights for an advantage.} 22. Qh5 Be6 23. Nf5 Bxf5 $1 24. Qxf5 Bc5 25. Rac1 {[#]} (25. Qg4 $11 {remains equal.} g6 26. g3) 25... g6 (25... Bxe3+ $1 $17 {[%mdl 512]} 26. Rxe3 Rxc1+ 27. Bxc1 Qc5 28. Bxe4 (28. Bd2 g6 $17) 28... Qxc1+ 29. Kf2 dxe4 30. Qxe4 Qb2+ 31. Kg3 Qxb5) 26. Qh3 f5 $1 27. g4 Bxa3 28. Rxc8 Rxc8 29. Bd4 Qb4 (29... Bc5 $17 {White must now prevent ...Bxd4.} 30. gxf5 Qd7 31. Bxc5 Rxc5) 30. Rb1 (30. Rf1 $15 Qf8 31. Kg2) 30... Rc1+ (30... Qd2 $17 31. Bxe4 dxe4 32. gxf5 Bc1 33. fxg6 Qe1+ 34. Qf1 Bxe3+ 35. Bxe3 Qxe3+ 36. Qf2 Rc1+ 37. Rxc1 Qxc1+ 38. Kg2 hxg6 39. Qa2+ Kg7 40. Qxa5 Qxf4 41. Qc3+ Kh6) 31. Rxc1 $11 Bxc1 32. Bxe4 $2 (32. Qh4 $11 {and White is okay.} g5 33. fxg5) 32... Qe1+ $19 (32... dxe4 33. Qh4 $11) 33. Kg2 Qe2+ {[%mdl 64] Double Attack} (33... dxe4 34. gxf5 Qe2+ 35. Kh1 $17) (33... fxe4 $2 34. Qh6 $18) 34. Kg1 Qe1+ (34... fxe4 35. g5 $15) (34... dxe4 35. gxf5 Qf3 36. Qxf3) (34... Qd1+ $19 {has better winning chances.} 35. Kf2 fxe4) 35. Kg2 $1 $17 Qe2+ ({Don't go for} 35... fxe4 $2 36. Qh6 $18) (35... dxe4 $17 36. gxf5 Qe2+ 37. Kg1 Qf3 38. Qxf3 exf3 39. fxg6 hxg6) 36. Kg1 $19 dxe4 ({Resist} 36... fxe4 37. g5 $17) (36... Qd1+ $19 37. Kf2 fxe4) 37. gxf5 $17 {[#]} a4 (37... Qf3 $1 $17 {[%cal Rf3h3]} 38. Qxf3 exf3 39. fxg6 hxg6) 38. fxg6 $11 {[%cal Rh3c8]} Qd1+ 39. Kf2 {[%cal Rh3c8]} Qf3+ 40. Qxf3 exf3 41. gxh7+ Kxh7 42. Kxf3 {[%mdl 4096] Endgame Hoping for Ke4. KB-KB} a3 $1 43. Bc5 $1 Kg6 44. e4 b6 45. Bxa3 ({Don't blunder} 45. Bxb6 $2 Bb2 $19) 45... Bxa3 {KB-KP} 46. Kg4 Kf6 47. h4 {Strongly threatening e5+.} Bf8 48. h5 Bh6 $1 49. Kf3 {And now Kg4 would win.} Ke6 $2 {[%mdl 8192] [#]} (49... Bf8 $11) 50. Kg4 $2 ({Only move:} 50. Kg3 $1 $18 {[%cal Rg3f3] aiming for Kf3.} Kf6 51. Kg4) 50... Kf6 $1 51. Kf3 {Accuracy: White = 44%, Black = 51%.} 1/2-1/2

[Event "CRO Team Cup 2019"]
[Site "Losinj"]
[Date "2019.05.19"]
[Round "6.20"]
[White "Boric, Muhamed"]
[Black "Kovacevic, Veljko"]
[Result "1-0"]
[WhiteElo "2342"]
[BlackElo "2183"]
[Annotator "NA RC"]
[PlyCount "89"]
[EventDate "2019.05.15"]
[EventType "team-tourn"]
[EventCountry "CRO"]
[SourceTitle "playchess.com"]
[Source "ChessBase"]
[SourceQuality "1"]
[TimeControl "40/5400+30:1800+30"]

1. d4 {[%emt 0:00:30]} Nf6 {[%emt 0:00:30]} 2. Nf3 {[%emt 0:00:30]} c5 {[%emt 0:01:30]} 3. c3 {[%emt 0:04:30]} e6 {[%emt 0:02:30]} 4. Bf4 {[%emt 0:01:30]} Nc6 {[%emt 0:01:30]} 5. e3 {[%emt 0:00:30]} d5 {[%emt 0:05:30]} 6. Nbd2 {[%emt 0:00:30]} Bd6 {[%emt 0:09:30]} 7. Bg3 {[%emt 0:00:30]} Bxg3 {[%emt 0:07:30]} 8. hxg3 {[%emt 0:00:30]} Qd6 {[%emt 0:00:30]} 9. a3 {[%emt 0:29:30] D02: 1 d4 d5 2 Nf3 sidelines, including 2...Nf6 3 g3 and 2...Nf6 3 Bf4} (9. Bb5 Bd7 10. Bxc6 Bxc6 11. Ne5 Qc7 12. Qf3 h6 13. Qf4 Qe7 14. g4 Nh7 15. Qg3 Rg8 16. O-O Nf6 17. Rac1 {1-0 (29) Carlsen,M (2857)-Ghaem Maghami,E (2566) Baku 2016}) 9... a6 $146 {[%emt 0:01:30]} ({Predecessor:} 9... e5 10. dxe5 Nxe5 11. Nxe5 Qxe5 12. Bb5+ Ke7 13. Qa4 {½-½ (13) Malaniuk,V (2540)-Fominyh,A (2530) Alushta 1992}) 10. Bd3 {[%emt 0:06:30]} e5 {[%emt 0:05:30]} 11. dxe5 {[%emt 0:00:30]} Nxe5 {[%emt 0:00:00]} 12. Nxe5 {[%emt 0:00:00]} Qxe5 {[%emt 0:00:00]} 13. Qa4+ {[%emt 0:01:00]} Bd7 {[%emt 0:00:30]} 14. Qf4 {[%emt 0:00:00]} Qxf4 {[%emt 0:21:30]} 15. gxf4 {[%emt 0:00:00]} Bb5 {[%emt 0:06:30]} 16. Ke2 {[%emt 0:02:30]} Bxd3+ {[%emt 0:01:30]} 17. Kxd3 {[%emt 0:01:30]} O-O {[%emt 0:00:30]} 18. Nf3 {[%emt 0:01:30]} Ne4 {[%emt 0:00:30]} 19. Ke2 {[%emt 0:00:30]} Rad8 {[%emt 0:02:30]} 20. Rad1 {[%emt 0:04:30]} Rd6 {[%emt 0:01:30]} 21. Nd2 {[%emt 0:00:00]} Rfd8 {[%emt 0:00:30]} 22. Nxe4 {[%emt 0:06:00]} dxe4 {[%emt 0:00:30]} 23. Rxd6 {[%emt 0:01:30]} Rxd6 {[%emt 0:00:30]} 24. Rh5 {[%emt 0:00:00]} Rb6 {[%emt 0:07:30]} 25. b4 {[%emt 0:00:00]} cxb4 {[%emt 0:00:00]} 26. axb4 {[%emt 0:00:30]} f6 {[%emt 0:15:30]} 27. Rc5 {[%emt 0:03:30]} Kf7 {[%emt 0:03:22]} 28. Rc7+ {[%emt 0:00:00]} Kg6 {[%emt 0:00:13]} 29. f3 {[%emt 0:00:00]} exf3+ {[%emt 0:01:13]} 30. Kxf3 {[%emt 0:00:30]} f5 {[%emt 0:01:27]} 31. g4 {[%emt 0:10:30]} fxg4+ {[%emt 0:00:17]} 32. Kxg4 {[%emt 0:00:30]} h5+ {[%emt 0:01:58]} 33. Kf3 {[%emt 0:00:30]} Kf6 {[%emt 0:00:40]} 34. e4 {[%emt 0:03:30]} g5 {[%emt 0:01:06]} 35. Rc5 {[%emt 0:01:30]} g4+ {[%emt 0:00:39]} 36. Kg3 {[%emt 0:00:00]} Rc6 {[%emt 0:00:56]} 37. Rxh5 {[%emt 0:02:00]} Rxc3+ {[%emt 0:00:01]} 38. Kxg4 {[%emt 0:00:00]} Rc4 {[%emt 0:00:08]} 39. e5+ {[%emt 0:07:27]} Kg6 {[%emt 0:00:28]} 40. Rg5+ {[%emt 0:00:27]} Kf7 {[%emt 0:00:16]} 41. Kf5 {[%emt 0:30:38]} Rxb4 {[%emt 0:30:53]} 42. e6+ $18 {[%emt 0:00:00]} Ke7 {[%emt 0:00:00]} 43. Rg7+ {[%emt 0:00:00]} Kd6 {[%emt 0:00:00]} 44. Rd7+ {[%emt 0:00:00]} Kc6 {[%emt 0:00:00]} 45. Rd1 {[%emt 0:00:00]} 1-0